[Event "Pan American-ch School U11 12th"]
[Site "Callao"]
[Date "2023.10.16"]
[Round "2"]
[White "Arrue Rengifo, Amos Aaron"]
[Black "Paredes Minaya, Crhistian Jesus"]
[Result "0-1"]
[WhiteElo "1077"]
[BlackElo "1250"]
[PlyCount "44"]
[EventDate "2023.10.16"]
[EventType "swiss"]
[EventRounds "9"]
[EventCountry "PER"]
[SourceTitle "CB48_2023"]
[SourceDate "2023.11.29"]
[SourceVersion "1"]
[SourceVersionDate "2023.11.29"]
[SourceQuality "1"]

1. d4 d5 2. c4 e6 3. Nc3 Nf6 4. Nf3 Be7 5. e3 0-0 6. Bd3 b6 7. 0-0 Bb7 8. cxd5 exd5 9. Re1 Nbd7 10. e4 dxe4 11. Nxe4 Nxe4 12. Bxe4 Bxe4 13. Rxe4 c5 14. dxc5 Nxc5 15. Rd4 Qc8 16. b4 Bf6 17. bxc5 bxc5 18. Bb2 cxd4 19. Rc1 Qb7 20. Bxd4 Bxd4 21. Qxd4 h6 22. h3 Rad8 0-1